Normal view
MARC view
Entry Topical Term
001 - CONTROL NUMBER
- control field: 6530
003 - CONTROL NUMBER IDENTIFIER
- control field: Ke-BoTe
005 - DATE AND TIME OF LATEST TRANSACTION
- control field: 20220524144648.0
008 - FIXED-LENGTH DATA ELEMENTS
- fixed length control field: 220524|| aca||aabn | a|a d
040 ## - CATALOGING SOURCE
- Original cataloging agency: Ke-BoTe
- Transcribing agency: Ke-BoTe
150 ## - HEADING--TOPICAL TERM
- Topical term or geographic name entry element: Diagnosis, surgical
670 ## - SOURCE DATA FOUND
- Source citation: Work cat.: (Ke-BoTe)3144: Browse, Norman L. (Norman Leslie) 6529, An introduction to the symptoms and signs of surgical disease /, c1978.
